| 000 | 00000nam##2200000za#4500 |
| 001 | 9.697919 |
| 003 | CaOODSP |
| 005 | 20210624235709 |
| 007 | cr ||||||||||| |
| 008 | 150407|2001||||xxc|||||o f|0| 0 eng|d |
| 040 | |aCaOODSP|beng |
| 043 | |an-cn--- |
| 086 | 1 |aEn4-160/2001E-PDF |
| 110 | 1 |aCanada. |bEnvironment Canada. |bAudit and Evaluation Branch. |
| 245 | 10|aAudit of compensation |h[electronic resource] |
| 260 | |aGatineau - Quebec : |bEnvironment Canada. |cOctober 2001. |
| 300 | |a23p.|btables |
| 590 | |a13-13-Supp|b2013-05-21 |
| 690 | 07|aAllowances|2gcpds |
| 775 | 08|tVérification de la rémunération |w(CaOODSP)9.641905 |
| 856 | 40|ahttp://publications.gc.ca|qPDF|s167 KB|uhttps://publications.gc.ca/collections/collection_2013/ec/En4-160-2001-eng.pdf |